Strategic Marketing Decisions in Global Markets / (Record no. 10623)

MARC details
000 -LEADER
fixed length control field 00466nam a22001337a 4500
008 - FIXED-LENGTH DATA ELEMENTS--GENERAL INFORMATION
fixed length control field 090203s2005 enk|||||r|||| 001 0 eng d
020 ## - INTERNATIONAL STANDARD BOOK NUMBER
International Standard Book Number 184480142X (pbk.)
082 ## - DEWEY DECIMAL CLASSIFICATION NUMBER
Edition number 22
Classification number 658.802
Item number DOO
245 ## - TITLE STATEMENT
Title Strategic Marketing Decisions in Global Markets /
Statement of responsibility, etc Isobel Doole, Robin Lowe.
260 ## - PUBLICATION, DISTRIBUTION, ETC. (IMPRINT)
Place of publication, distribution, etc London :
Name of publisher, distributor, etc Thomson Learning, 2005
Date of publication, distribution, etc 2005.
300 ## - PHYSICAL DESCRIPTION
Extent xxiv, 343 p. :
Other physical details col. ill. ;
Dimensions 28 cm.
504 ## - BIBLIOGRAPHY, ETC. NOTE
Bibliography, etc Includes bibliographical references and index.
942 ## - ADDED ENTRY ELEMENTS (KOHA)
Source of classification or shelving scheme Dewey Decimal Classification
Item type Book - Borrowing
Holdings
Withdrawn status Item status Source of classification or shelving scheme Damaged status Not for loan Vendor Home library Current library Shelving location Date acquired Source of acquisition Cost, normal purchase price Serial Enumeration / chronology Total Checkouts Full call number Barcode Date last seen Date last borrowed Koha item type Total Renewals
    Dewey Decimal Classification     Alahram Central Library Central Library First floor 03/02/2009   391.40 06469 1 658.802 DOO 000014539 15/07/2025 08/12/2009 Book - Borrowing  
    Dewey Decimal Classification     Alahram Central Library Central Library First floor 28/03/2010   391.40 300 2 658.802 DOO 000019783 15/07/2025 04/01/2012 Book - Borrowing 3